[Event "EU-ch Blitz"]
[Site "Katowice"]
[Date "2022.12.16"]
[Round "19"]
[White "Aksionova, Tatiana"]
[Black "Kovalchuk, Victor"]
[Result "1/2-1/2"]
[WhiteElo "2192"]
[BlackElo "1602"]
[PlyCount "92"]
[EventDate "2022.12.16"]
[EventType "swiss (blitz)"]
[EventRounds "22"]
[EventCountry "POL"]
[SourceTitle "CBM 211 Extra"]
[Source "ChessBase"]
[SourceDate "2023.01.31"]
[SourceVersion "1"]
[SourceVersionDate "2023.01.31"]
[SourceQuality "1"]

1. e4 c5 2. Nc3 g6 3. d3 Bg7 4. Be3 d6 5. Qd2 Nc6 6. g3 Rb8 7. Bg2 b5 8. Nge2 b4 9. Nd1 e6 10. 0-0 a5 11. f4 Nce7 12. g4 f5 13. gxf5 exf5 14. Ng3 Nh6 15. d4 cxd4 16. Bxd4 Bxd4+ 17. Qxd4 Qb6 18. Qxb6 Rxb6 19. Ne3 Kf7 20. Rad1 Rd8 21. e5 Be6 22. Rd2 Ke8 23. Rfd1 Nf7 24. exd6 Rbxd6 25. Rxd6 Rxd6 26. b3 Rxd1+ 27. Nxd1 Nd5 28. Ne2 Nd6 29. Kf2 Kd7 30. Ne3 Nxe3 31. Kxe3 Nb5 32. Nd4 Nxd4 33. Kxd4 Kd6 34. c4 bxc3 35. Kxc3 Kc5 36. a3 h6 37. h4 Kd6 38. b4 axb4+ 39. axb4 Bd7 40. Kd4 Bb5 41. Bd5 Ke7 42. Kc5 Bd3 43. b5 Bxb5 44. Kxb5 Kf6 45. Kc4 g5 46. hxg5+ hxg5 1/2-1/2

[Event "UKR Games (Women) 3rd"]
[Site "Evpatoria"]
[Date "2007.05.23"]
[Round "5"]
[White "Aksionova, Tatiana"]
[Black "Kalinina, Larisa"]
[Result "1/2-1/2"]
[WhiteElo "2215"]
[BlackElo "2170"]
[PlyCount "82"]
[EventDate "2007.05.21"]
[EventType "team"]
[EventRounds "7"]
[EventCountry "UKR"]
[SourceTitle "CBM 118 Extra"]
[Source "ChessBase"]
[SourceDate "2007.07.04"]
[SourceVersion "1"]
[SourceVersionDate "2007.07.04"]
[SourceQuality "1"]

1. e4 c5 2. Nc3 a6 3. a4 Nc6 4. g3 g6 5. Bg2 Bg7 6. d3 e6 7. Be3 d6 8. Nge2 Nd4 9. 0-0 Ne7 10. Qd2 0-0 11. Nc1 f5 12. f4 Rb8 13. Nd1 b5 14. c3 Ndc6 15. axb5 axb5 16. d4 cxd4 17. cxd4 fxe4 18. Bxe4 d5 19. Bc2 Nf5 20. Bxf5 exf5 21. Nb3 Re8 22. Re1 Be6 23. Nc3 Bf7 24. Bf2 b4 25. Na4 Ra8 26. Nac5 Rxa1 27. Rxa1 h6 28. Qd3 Qc8 29. Qb5 Re7 30. Rc1 Be8 31. Qd3 g5 32. Qf3 Bf7 33. Nd3 Qd7 34. Qd1 Qe6 35. Qd2 gxf4 36. Nxf4 Qd6 37. Qd3 Qd7 38. Qa6 Nd8 39. Nc5 Qe8 40. Qd3 Nc6 41. Nb3 Re4 1/2-1/2

[Event "UKR Games (Women) 3rd"]
[Site "Evpatoria"]
[Date "2007.05.22"]
[Round "3"]
[White "Aksionova, Tatiana"]
[Black "Orlyanskaya, Darya"]
[Result "0-1"]
[WhiteElo "2215"]
[BlackElo "2104"]
[PlyCount "143"]
[EventDate "2007.05.21"]
[EventType "team"]
[EventRounds "7"]
[EventCountry "UKR"]
[SourceTitle "CBM 118 Extra"]
[Source "ChessBase"]
[SourceDate "2007.07.04"]
[SourceVersion "1"]
[SourceVersionDate "2007.07.04"]
[SourceQuality "1"]

1. e4 c5 2. Nc3 Nc6 3. d3 d6 4. g3 g6 5. Bg2 Bg7 6. Nh3 e5 7. 0-0 Nge7 8. f4 Nd4 9. Be3 0-0 10. Qd2 Bg4 11. Kh1 Qd7 12. Ng1 Be6 13. Nd1 exf4 14. Bxf4 d5 15. c3 Ndc6 16. Nf2 Rad8 17. Nf3 dxe4 18. Nxe4 b6 19. Rfd1 Bd5 20. Qe2 Nc8 21. Bh6 Rfe8 22. Bxg7 Kxg7 23. Qf1 f5 24. Nf2 Re3 25. Ne1 Rde8 26. Rd2 h6 27. Nc2 Bxg2+ 28. Qxg2 Re2 29. Rad1 Nd6 30. Qd5 R8e5 31. Qf3 Rxd2 32. Rxd2 Nc4 33. Rd1 Nxb2 34. Rb1 Na4 35. d4 cxd4 36. cxd4 Qd5 37. Kg2 Qxf3+ 38. Kxf3 Rd5 39. Ke3 b5 40. a3 Nb6 41. Kd3 a6 42. Re1 Kf7 43. Kc3 Na4+ 44. Kd3 a5 45. Rb1 Ne5+ 46. Ke3 Nc4+ 47. Kd3 Ncb2+ 48. Kd2 b4 49. axb4 axb4 50. Nd3 b3 51. Nxb2 bxc2 52. Kxc2 Nxb2 53. Rxb2 Rxd4 54. Rb6 Rd7 55. Ra6 Re7 56. Kd2 Re6 57. Ra5 Kf6 58. Ra8 Kg5 59. h3 Kh5 60. Ra5 Kg5 61. Ra8 h5 62. Ra4 Re4 63. Ra6 h4 64. gxh4+ Rxh4 65. Ra3 Re4 66. Rg3+ Kh5 67. Kd3 Re6 68. Kd4 Kh4 69. Rf3 Re1 70. Kd5 Rh1 71. Ke5 Rxh3 72. Rf1 0-1

[Event "UKR-ch sf (Women)"]
[Site "Evpatoria"]
[Date "2007.05.04"]
[Round "5"]
[White "Orlyanskaya, Darya"]
[Black "Aksionova, Tatiana"]
[Result "1/2-1/2"]
[WhiteElo "2104"]
[BlackElo "2215"]
[PlyCount "59"]
[EventDate "2007.04.30"]
[EventType "swiss"]
[EventRounds "9"]
[EventCountry "UKR"]
[SourceTitle "EXT 2008"]
[Source "ChessBase"]
[SourceDate "2007.11.25"]
[SourceVersion "1"]
[SourceVersionDate "2007.11.25"]
[SourceQuality "1"]

1. e4 c5 2. Nf3 d6 3. d4 cxd4 4. Nxd4 Nf6 5. Nc3 g6 6. f4 Nc6 7. Nf3 Bg7 8. Bd3 0-0 9. 0-0 Bd7 10. Kh1 a6 11. Qe1 Nb4 12. a3 Nxd3 13. cxd3 Rc8 14. h3 b5 15. Bd2 Bc6 16. Qh4 e6 17. f5 exf5 18. exf5 Nh5 19. Bg5 Bf6 20. Bxf6 Qxf6 21. Qxf6 Nxf6 22. Nd4 Bd7 23. Rae1 Rce8 24. Rxe8 Bxe8 25. fxg6 fxg6 26. Ne6 Rf7 27. Ng5 Rf8 28. Ne6 Rf7 29. Ng5 Rf8 30. Ne6 1/2-1/2

[Event "UKR-ch sf (Women)"]
[Site "Evpatoria"]
[Date "2007.05.01"]
[Round "2"]
[White "Aksionova, Tatiana"]
[Black "Maiko, Alina"]
[Result "1/2-1/2"]
[WhiteElo "2215"]
[BlackElo "2067"]
[PlyCount "78"]
[EventDate "2007.04.30"]
[EventType "swiss"]
[EventRounds "9"]
[EventCountry "UKR"]
[SourceTitle "EXT 2008"]
[Source "ChessBase"]
[SourceDate "2007.11.25"]
[SourceVersion "1"]
[SourceVersionDate "2007.11.25"]
[SourceQuality "1"]

1. e4 e6 2. d3 d5 3. Nd2 Nf6 4. Ngf3 Nc6 5. g3 dxe4 6. dxe4 e5 7. Bb5 Bd6 8. 0-0 0-0 9. Re1 Qe7 10. Nc4 Rd8 11. c3 Bg4 12. Qe2 h6 13. Ne3 Bh3 14. Nh4 Bc5 15. Nhf5 Qf8 16. Qf3 Ne7 17. Nxh6+ gxh6 18. Qxf6 Ng6 19. Nf5 Bxf2+ 20. Kxf2 Bxf5 21. exf5 Rd6 22. Qxd6 Qxd6 23. Be3 Qf6 24. Bd3 Rd8 25. Bc2 Ne7 26. Kg1 Nd5 27. Bf2 Nb6 28. Rad1 Rd6 29. Bc5 Rd5 30. Rxd5 Nxd5 31. Be4 b6 32. Bf2 Ne7 33. Be3 Qd6 34. Rf1 f6 35. Kg2 Kg7 36. h3 c5 37. Rf2 b5 38. Rd2 Qc7 39. b3 a6 1/2-1/2

[Event "Evpatoria tt U20 Girls"]
[Site "Evpatoria"]
[Date "2006.05.07"]
[Round "5"]
[White "Orlyanskaya, Darya"]
[Black "Aksionova, Tatiana"]
[Result "1/2-1/2"]
[WhiteElo "2099"]
[BlackElo "2237"]
[PlyCount "101"]
[EventDate "2006.05.05"]
[EventType "team"]
[EventRounds "7"]
[EventCountry "UKR"]
[SourceTitle "CBM 112 Extra"]
[Source "ChessBase"]
[SourceDate "2006.07.14"]
[SourceVersion "1"]
[SourceVersionDate "2006.07.14"]
[SourceQuality "1"]

1. e4 c5 2. Nf3 d6 3. d4 cxd4 4. Nxd4 Nf6 5. Nc3 g6 6. Be3 Bg7 7. f3 Nc6 8. Qd2 0-0 9. Bc4 Bd7 10. 0-0-0 Rc8 11. Bb3 Ne5 12. Bg5 Rc5 13. f4 Nc4 14. Bxc4 Rxc4 15. e5 Rxc3 16. exf6 exf6 17. Qxc3 fxg5 18. Qb4 Qf6 19. Nf3 gxf4 20. Rxd6 Qf5 21. Rhd1 Bc6 22. Rd8 Qf6 23. Rxf8+ Bxf8 24. Qa5 a6 25. Qd8 Qxd8 26. Rxd8 Kg7 27. Kd1 Bc5 28. b3 h6 29. Ke2 g5 30. g4 fxg3 31. hxg3 Bb6 32. Rd1 Bc7 33. g4 Kg6 34. Nd4 Bd7 35. Nf5 Be6 36. Ne3 h5 37. gxh5+ Kxh5 38. Rh1+ Kg6 39. c4 f5 40. Nd5 Bd6 41. Kf3 g4+ 42. Ke3 Bc5+ 43. Kf4 Bd6+ 44. Ke3 Bc5+ 45. Ke2 Bd6 46. Ke3 Bc5+ 47. Kf4 Bd6+ 48. Ke3 Bc5+ 49. Kf4 Bd6+ 50. Ke3 Bc5+ 51. Kf4 1/2-1/2

[Event "UKR-ch sf (Women)"]
[Site "Evpatoria"]
[Date "2006.03.29"]
[Round "1"]
[White "Aksionova, Tatiana"]
[Black "Andrenko, Irina"]
[Result "1-0"]
[WhiteElo "2237"]
[BlackElo "1983"]
[PlyCount "45"]
[EventDate "2006.03.29"]
[EventType "swiss"]
[EventRounds "9"]
[EventCountry "UKR"]
[SourceTitle "CBM 111 Extra"]
[Source "ChessBase"]
[SourceDate "2006.05.09"]
[SourceVersion "1"]
[SourceVersionDate "2006.05.09"]
[SourceQuality "1"]

1. e4 c5 2. Nc3 Nc6 3. d3 e6 4. g3 g6 5. Bg2 Bg7 6. Be3 Qa5 7. Qd2 Nd4 8. f4 Ne7 9. Nh3 0-0 10. 0-0 Kh8 11. Qf2 d5 12. g4 Rb8 13. f5 gxf5 14. gxf5 exf5 15. Nxd5 Nxd5 16. exd5 Re8 17. Rfe1 Rxe3 18. Rxe3 Bd7 19. c3 f4 20. Qxf4 Rf8 21. cxd4 Bxd4 22. Kh1 Bxh3 23. Rxh3 1-0

[Event "UKR-ch sf (Women)"]
[Site "Alushta"]
[Date "2005.05.20"]
[Round "5"]
[White "Goreskul, Alyona"]
[Black "Aksionova, Tatiana"]
[Result "1/2-1/2"]
[WhiteElo "2323"]
[BlackElo "2219"]
[PlyCount "44"]
[EventDate "2005.05.16"]
[EventType "swiss"]
[EventRounds "9"]
[EventCountry "UKR"]
[SourceTitle "CBM 106 Extra"]
[Source "ChessBase"]
[SourceDate "2005.07.01"]
[SourceVersion "1"]
[SourceVersionDate "2005.07.01"]
[SourceQuality "1"]

1. e4 c5 2. c3 d5 3. exd5 Qxd5 4. d4 Nf6 5. Nf3 Bg4 6. dxc5 Qxd1+ 7. Kxd1 Nc6 8. Be3 e6 9. Nbd2 Nd5 10. Bb5 Nxe3+ 11. fxe3 Bxc5 12. Ke2 0-0-0 13. b4 Be7 14. a4 Ne5 15. h3 Bh5 16. g4 Nxf3 17. Nxf3 Bg6 18. Rhf1 Bf6 19. Rac1 h6 20. Rg1 Be4 21. Nd2 Bg6 22. Nf3 Be4 1/2-1/2

[Event "UKR-ch sf U20 Girls"]
[Site "Ternopol"]
[Date "2003.12.13"]
[Round "3"]
[White "Aksionova, Tatiana"]
[Black "Areshchenko, Kateryna"]
[Result "1/2-1/2"]
[WhiteElo "2197"]
[BlackElo "2175"]
[PlyCount "30"]
[EventDate "2003.12.11"]
[EventType "tourn"]
[EventRounds "11"]
[EventCountry "UKR"]
[SourceTitle "EXT 2008"]
[Source "ChessBase"]
[SourceDate "2007.11.25"]
[SourceVersion "1"]
[SourceVersionDate "2007.11.25"]
[SourceQuality "1"]

1. e4 c5 2. Nc3 Nc6 3. d3 g6 4. g3 Bg7 5. Bg2 d6 6. Be3 e5 7. Nge2 Nge7 8. 0-0 0-0 9. Qd2 Be6 10. Bh6 Qd7 11. Bxg7 Kxg7 12. f4 f6 13. Rf2 Rac8 14. Nd5 Nd4 15. Ne3 Nxe2+ 1/2-1/2

[Event "UKR Universiad B3 6th"]
[Site "Evpatoria"]
[Date "2003.05.16"]
[Round "7"]
[White "Aksionova, Tatiana"]
[Black "Areshchenko, Kateryna"]
[Result "1-0"]
[WhiteElo "2188"]
[BlackElo "2202"]
[PlyCount "59"]
[EventDate "2003.05.13"]
[EventType "swiss"]
[EventRounds "9"]
[EventCountry "UKR"]
[SourceTitle "EXT 2008"]
[Source "ChessBase"]
[SourceDate "2007.11.25"]
[SourceVersion "1"]
[SourceVersionDate "2007.11.25"]
[SourceQuality "1"]

1. e4 e5 2. Nf3 Nc6 3. Bb5 Nd4 4. Nxd4 exd4 5. 0-0 Bc5 6. d3 c6 7. Ba4 d6 8. Nd2 h5 9. c3 Bg4 10. Qe1 dxc3 11. bxc3 Qa5 12. d4 Qxc3 13. dxc5 Qxa1 14. Nc4 Qxa2 15. Nxd6+ Kf8 16. Qb4 Be6 17. Bb2 Bc8 18. Qc3 f6 19. Bb3 Qa6 20. Qd2 Bg4 21. f3 Rd8 22. fxg4 hxg4 23. Ra1 Qb5 24. Qc2 Qb4 25. Qc4 Qxc4 26. Bxc4 Rh5 27. Rxa7 Ne7 28. Ba3 f5 29. exf5 Nxf5 30. Rxb7 1-0